[Event "2BLN 2324 HSK Lister Turm II - SK Doppe"]
[Site "?"]
[Date "2024.02.04"]
[Round "6.1"]
[White "Olsen, Filip Boe"]
[Black "von Mettenheim, Johannes"]
[Result "1-0"]
[WhiteElo "2454"]
[BlackElo "2262"]
[PlyCount "119"]
[EventDate "2024.??.??"]

1. d4 Nf6 2. c4 e6 3. Nc3 Bb4 4. e3 O-O 5. Bd3 d5 6. a3 Bxc3+ 7. bxc3 c5 8. cxd5 exd5 9. Ne2 b6 10. O-O Ba6 11. f3 Bxd3 12. Qxd3 Nc6 13. e4 dxe4 14. fxe4 h6 15. Ng3 cxd4 16. Nf5 Ne5 17. Qg3 Ng6 18. e5 Nd5 19. e6 Nxc3 20. e7 Ne2+ 21. Kf2 Nxg3 22. exd8=Q Ne4+ 23. Kf3 Raxd8 24. Kxe4 Rfe8+ 25. Kf3 Ne5+ 26. Kg3 Nc4 27. Rf4 Nd6 28. Nxd6 Rxd6 29. Kf2 d3 30. Ra2 Rd5 31. Rd2 Red8 32. Bb2 f5 33. Ke1 R8d7 34. Kd1 g5 35. Rb4 Kh7 36. Rf2 Kg6 37. Kd2 Rc5 38. Bc3 g4 39. Rd4 Rdc7 40. Rxd3 R7c6 41. h4 Rc4 42. g3 f4 43. gxf4 Kh5 44. f5 Rc7 45. f6 Rf7 46. Rd5+ Kxh4 47. Rh2+ Kg3 48. Rxh6 Kf2 49. Rd4 Rxd4+ 50. Bxd4+ Kf3 51. Rg6 g3 52. Kd3 Rf8 53. Rg7 g2 54. f7 Kf4 55. Rxg2 Kf5 56. Kc4 Ke6 57. Rf2 Rxf7 58. Rxf7 Kxf7 59. Kb5 a5 60. Bxb6 1-0

[Event "2BLN 2324 HSK Lister Turm II - SK Doppe"]
[Site "?"]
[Date "2024.02.04"]
[Round "6.2"]
[White "Polster, Christian"]
[Black "Parvanyan, Ashot"]
[Result "0-1"]
[WhiteElo "2265"]
[BlackElo "2412"]
[PlyCount "78"]
[EventDate "2024.??.??"]

1. e4 Nc6 2. Nf3 d6 3. d4 g6 4. h3 Bg7 5. Nc3 Nf6 6. Bg5 h6 7. Be3 e6 8. Qd2 a6 9. a4 b6 10. d5 exd5 11. exd5 Ne7 12. Bc4 Nf5 13. Bf4 g5 14. Bh2 O-O 15. O-O g4 16. hxg4 Nxg4 17. Bf4 Qf6 18. Rfe1 Bd7 19. Re4 Rfe8 20. Rae1 Rxe4 21. Rxe4 b5 22. Bb3 Qg6 23. axb5 axb5 24. Re1 Kh8 25. Nd1 Rg8 26. c3 Ne5 27. Qe2 Bf6 28. g3 Nxf3+ 29. Qxf3 Nh4 30. Qe4 Bf5 31. Qh1 Bg4 32. Re3 Qh5 33. Kf1 Bxd1 34. gxh4 Bxb3 35. Bg3 Qd1+ 36. Re1 Bc4+ 37. Kg2 Bxd5+ 38. Kg1 Qxe1+ 39. Kh2 Qxh1# 0-1

[Event "2BLN 2324 HSK Lister Turm II - SK Doppe"]
[Site "?"]
[Date "2024.02.04"]
[Round "6.3"]
[White "Arndt, Magnus"]
[Black "Gentemann, Moritz"]
[Result "0-1"]
[WhiteElo "2381"]
[BlackElo "2242"]
[PlyCount "104"]
[EventDate "2024.??.??"]

1. e4 c5 2. Nf3 d6 3. Bb5+ Nd7 4. O-O a6 5. Bd3 Ngf6 6. Re1 e6 7. Bf1 Be7 8. d4 cxd4 9. Nxd4 Qc7 10. c4 O-O 11. b3 b6 12. Bb2 Bb7 13. Nc3 Rfe8 14. Rc1 Rac8 15. a3 Qb8 16. b4 Bd8 17. Nb3 Bc7 18. h3 Qa8 19. Nd2 Red8 20. Qe2 Ne5 21. Qe3 Qb8 22. Rb1 h6 23. Ba1 Ned7 24. Nb3 Qa8 25. Rbd1 Qb8 26. Kh1 Re8 27. Qd3 Red8 28. Qb1 Qa8 29. Nd2 Ne5 30. Kg1 Qb8 31. Qb2 Kh8 32. Re3 Rg8 33. Nf3 Ng6 34. Rb1 Qa8 35. Nd2 Nf4 36. c5 d5 37. exd5 exd5 38. Ne2 d4 39. Qxd4 Rcd8 40. Qb2 Nxg2 41. Re7 Nh4 42. Nd4 Rxd4 43. Qxd4 Nf5 44. Rxc7 Nxd4 45. Bxd4 Rd8 46. Bxf6 gxf6 47. Nc4 Be4 48. Nd6 Rg8+ 49. Kh2 Bxb1 50. Nxf7+ Kh7 51. cxb6 Rg7 52. Nd6 Qb8 0-1

[Event "2BLN 2324 HSK Lister Turm II - SK Doppe"]
[Site "?"]
[Date "2024.02.04"]
[Round "6.4"]
[White "Hoerstmann, Martin"]
[Black "Kopylov, Daniel"]
[Result "0-1"]
[WhiteElo "2207"]
[BlackElo "2340"]
[PlyCount "68"]
[EventDate "2024.??.??"]

1. d4 Nf6 2. c4 e6 3. Nc3 d5 4. cxd5 exd5 5. Bg5 Bb4 6. Qa4+ Nc6 7. e3 h6 8. Bxf6 Qxf6 9. Nf3 O-O 10. Be2 Be6 11. O-O a6 12. Qc2 Bd6 13. Na4 Ne7 14. Nc5 Bc8 15. b4 Ng6 16. Rfc1 b6 17. Nd3 Bf5 18. Qb3 Be4 19. Rc3 a5 20. b5 Rae8 21. Rb1 Qd8 22. Nfe5 Qg5 23. g3 Re7 24. Nxg6 fxg6 25. Nf4 Bxf4 26. exf4 Rxf4 27. Rxc7 Rff7 28. Rc8+ Kh7 29. Qb2 Qf5 30. f4 g5 31. Rc6 gxf4 32. Rf1 Qh3 33. Bf3 Bxf3 34. Rxf3 Re1+ 0-1

[Event "2BLN 2324 HSK Lister Turm II - SK Doppe"]
[Site "?"]
[Date "2024.02.04"]
[Round "6.5"]
[White "Skytte, Rasmus"]
[Black "Antonov, Alexander"]
[Result "0-1"]
[WhiteElo "2350"]
[BlackElo "2215"]
[PlyCount "80"]
[EventDate "2024.??.??"]

1. d4 d5 2. c4 dxc4 3. Nf3 Nf6 4. e3 e6 5. Bxc4 c5 6. O-O a6 7. e4 b5 8. Be2 Nxe4 9. a4 b4 10. Nbd2 Nxd2 11. Bxd2 cxd4 12. Rc1 Bb7 13. Nxd4 Qxd4 14. Rc7 Bd6 15. Rxb7 Nc6 16. Be3 Qe5 17. g3 Rd8 18. Bb6 O-O 19. Bxd8 Rxd8 20. Bf3 Nd4 21. Qd3 g6 22. Kg2 Qf6 23. Rd1 Bc5 24. Qe4 e5 25. Re1 Rc8 26. Rc1 Ne6 27. Rd7 Ng5 28. Qb7 Kg7 29. Rc2 Qf5 30. Re2 Qh3+ 31. Kg1 Nxf3+ 32. Qxf3 Qxd7 33. Rxe5 Qc6 34. Qg4 Qf6 35. Re2 Re8 36. Rc2 Bd4 37. h4 b3 38. Rd2 Re1+ 39. Kg2 Qc6+ 40. f3 Bf6 0-1

[Event "2BLN 2324 HSK Lister Turm II - SK Doppe"]
[Site "?"]
[Date "2024.02.04"]
[Round "6.6"]
[White "Bleecke, Sebastian"]
[Black "Farokhi, Keyvan"]
[Result "1-0"]
[WhiteElo "2162"]
[BlackElo "2305"]
[PlyCount "73"]
[EventDate "2024.??.??"]

1. e4 c5 2. Nf3 e6 3. d4 cxd4 4. Nxd4 Nf6 5. Nc3 Nc6 6. a3 Be7 7. Be3 O-O 8. f3 d5 9. exd5 Nxd5 10. Nxd5 Qxd5 11. Nxc6 Qxc6 12. Bd3 f5 13. Qe2 Bf6 14. O-O-O a6 15. Bc4 b5 16. Ba2 f4 17. Bd4 Bd7 18. Bxf6 Rxf6 19. Rd2 Re8 20. Rhd1 Bc8 21. Qe5 Ref8 22. Rd6 Qe8 23. c4 Rf5 24. Qe2 Qh5 25. Rd8 Rxd8 26. Rxd8+ Kf7 27. Rxc8 Re5 28. Qd2 Qxh2 29. Rc7+ Kf6 30. Qd8+ Kg6 31. Bb1+ Kh6 32. Qf6+ gxf6 33. Rxh7+ Kg5 34. Rxh2 Re1+ 35. Kc2 bxc4 36. Ba2 Re2+ 37. Kc3 1-0

[Event "2BLN 2324 HSK Lister Turm II - SK Doppe"]
[Site "?"]
[Date "2024.02.04"]
[Round "6.7"]
[White "Ermitsch, Magnus"]
[Black "Hoerstmann, Rudi"]
[Result "1/2-1/2"]
[WhiteElo "2368"]
[BlackElo "2231"]
[PlyCount "144"]
[EventDate "2024.??.??"]

1. e4 g6 2. d4 Bg7 3. Nf3 d6 4. Bd3 Nf6 5. c3 O-O 6. O-O Nc6 7. Re1 e5 8. d5 Ne7 9. c4 Ne8 10. Nc3 f5 11. h3 f4 12. Rb1 h6 13. b4 g5 14. Nh2 Nf6 15. c5 Rf7 16. Bf1 Bf8 17. g3 Ng6 18. cxd6 Bxd6 19. h4 gxh4 20. gxf4 Nxf4 21. Bxf4 exf4 22. e5 Rg7+ 23. Kh1 Ng4 24. Nxg4 Bxg4 25. f3 Bf5 26. Bd3 Bxd3 27. Qxd3 Qd7 28. Qf1 Be7 29. Re4 Kh8 30. e6 Qe8 31. Rxf4 Qh5 32. Qf2 Rag8 33. Ne4 Qxd5 34. Nf6 Qg5 35. Nxg8 Qxf4 36. Nxe7 Rxe7 37. Re1 Qf5 38. Qg2 Rxe6 39. Rg1 Qf7 40. Qb2+ Rf6 41. Qd4 Kh7 42. Qe4+ Rg6 43. Rxg6 Qxg6 44. Qe7+ Qg7 45. Qe4+ Kg8 46. Qd5+ Qf7 47. Qxb7 Kg7 48. Qc6 Qe7 49. Qc3+ Kg6 50. Qd3+ Kg5 51. Qd2+ Kf5 52. a3 Qe5 53. Qc2+ Kf6 54. Qd2 Ke7 55. Qc1 Kd7 56. Qd2+ Kc8 57. Qc1 Kb8 58. Qc6 a6 59. Kg2 Qg3+ 60. Kh1 Qe1+ 61. Kg2 Qe5 62. Qxa6 Qg3+ 63. Kh1 Qxf3+ 64. Kh2 Qf4+ 65. Kg1 Qg5+ 66. Kh2 Qg3+ 67. Kh1 Qf3+ 68. Kh2 Qf2+ 69. Kh1 h3 70. Qb5+ Qb6 71. Qxb6+ cxb6 72. a4 Kc7 1/2-1/2

[Event "2BLN 2324 HSK Lister Turm II - SK Doppe"]
[Site "?"]
[Date "2024.02.04"]
[Round "6.8"]
[White "Schoeneshoefer, Adrian"]
[Black "Boe, Mads"]
[Result "1/2-1/2"]
[WhiteElo "2009"]
[BlackElo "2292"]
[PlyCount "59"]
[EventDate "2024.??.??"]

1. e4 c6 2. d4 d5 3. exd5 cxd5 4. Nf3 Nf6 5. c4 Nc6 6. Nc3 e6 7. Bf4 Be7 8. c5 O-O 9. Bb5 Bd7 10. Bxc6 Bxc6 11. Ne5 Nd7 12. b4 f6 13. Nxd7 Bxd7 14. O-O Qe8 15. Re1 Qf7 16. Qe2 Rfe8 17. Bg3 Bf8 18. f4 g6 19. a4 Bg7 20. Qf3 Kh8 21. Re2 h6 22. h4 h5 23. Re3 Kg8 24. Rf1 a6 25. Kh2 Bf8 26. b5 axb5 27. axb5 Kg7 28. Rb1 Kg8 29. Kh1 Kg7 30. Kh2 1/2-1/2

[Event "2BLN 2324 SV Glückauf Rüdersdorf - SK "]
[Site "?"]
[Date "2024.02.04"]
[Round "6.1"]
[White "Baskin, Robert"]
[Black "Heberla, Bartlomiej"]
[Result "0-1"]
[WhiteElo "2474"]
[BlackElo "2552"]
[PlyCount "70"]
[EventDate "2024.??.??"]

1. e4 e5 2. Nf3 Nc6 3. Bc4 Nf6 4. Ng5 d5 5. exd5 Na5 6. Bb5+ Bd7 7. Qe2 Be7 8. Nf3 Nxd5 9. Bxd7+ Qxd7 10. Nxe5 Qf5 11. d4 Nb4 12. Na3 O-O-O 13. Be3 Nbc6 14. Nf3 Bxa3 15. bxa3 Rhe8 16. c3 Qd5 17. O-O Nc4 18. Rab1 Re4 19. a4 a6 20. Rfe1 Rde8 21. Nd2 Nxd2 22. Qxd2 Na5 23. f3 R4e6 24. Bf2 Qf5 25. Rbd1 Nc4 26. Qc1 Re2 27. Rxe2 Rxe2 28. Re1 Qc2 29. Qg5 Rxe1+ 30. Bxe1 Qe2 31. Bh4 f6 32. Qg4+ Kb8 33. h3 g5 34. Bf2 Nd2 35. Qd7 Qf1+ 0-1

[Event "2BLN 2324 SV Glückauf Rüdersdorf - SK "]
[Site "?"]
[Date "2024.02.04"]
[Round "6.2"]
[White "Klimkowski, Jan"]
[Black "Lagunow, Raphael"]
[Result "1/2-1/2"]
[WhiteElo "2531"]
[BlackElo "2413"]
[PlyCount "81"]
[EventDate "2024.??.??"]

1. e4 c5 2. Nf3 Nc6 3. Bb5 g6 4. Bxc6 bxc6 5. O-O Bg7 6. Re1 Qc7 7. d3 d6 8. e5 dxe5 9. Nbd2 Nh6 10. Nc4 Bg4 11. Bxh6 Bxh6 12. Ncxe5 Be6 13. h4 Bg7 14. Qe2 Bd5 15. c4 Bxf3 16. Qxf3 O-O 17. Qe3 Qd6 18. Rad1 Rab8 19. b3 Rfd8 20. h5 a5 21. hxg6 hxg6 22. Qf4 Bf6 23. Qe4 Rb6 24. Re2 e6 25. Qf4 Kg7 26. g3 Bxe5 27. Qxe5+ Qxe5 28. Rxe5 a4 29. bxa4 Ra8 30. Rxc5 Rxa4 31. Rd2 Rba6 32. d4 Kf6 33. g4 Ke7 34. Rb2 Kd6 35. Rb7 Ra7 36. Rb6 Rc7 37. g5 Rxa2 38. Re5 Rd2 39. c5+ Ke7 40. Re4 Rd7 41. Rb4 1/2-1/2

[Event "2BLN 2324 SV Glückauf Rüdersdorf - SK "]
[Site "?"]
[Date "2024.02.04"]
[Round "6.3"]
[White "Sawlin, Leonid"]
[Black "Kanarek, Marcel"]
[Result "1-0"]
[WhiteElo "2402"]
[BlackElo "2496"]
[PlyCount "91"]
[EventDate "2024.??.??"]

1. e4 c5 2. Nf3 g6 3. d4 cxd4 4. Nxd4 Bg7 5. c4 Nc6 6. Be3 Qb6 7. Nb5 Qa5+ 8. N5c3 Nf6 9. Nd2 d6 10. Be2 O-O 11. a3 Be6 12. O-O Nd7 13. Rc1 Rac8 14. Ndb1 f5 15. b4 Qd8 16. exf5 Bxf5 17. f4 e5 18. Nb5 Nd4 19. Nxd6 Rc6 20. c5 Nxe2+ 21. Qxe2 Qe7 22. Bf2 Be6 23. Nxb7 Rxf4 24. Na5 Rc8 25. Be3 Rxf1+ 26. Rxf1 e4 27. Nd2 Bd5 28. Nac4 Rf8 29. Rxf8+ Qxf8 30. Qg4 Qf5 31. Qxf5 gxf5 32. b5 f4 33. c6 fxe3 34. cxd7 Bf6 35. Nxe3 Ba8 36. Ng4 Bd8 37. Ne5 e3 38. Ndf3 Bb6 39. Kf1 Kf8 40. Nc6 Bxc6 41. bxc6 Ke7 42. Ng5 Kf6 43. Ne4+ Ke5 44. Nc5 Kd4 45. c7 Bxc7 46. Ne6+ 1-0

[Event "2BLN 2324 SV Glückauf Rüdersdorf - SK "]
[Site "?"]
[Date "2024.02.04"]
[Round "6.4"]
[White "Leniart, Arkadiusz"]
[Black "Brodowski, Piotr"]
[Result "1-0"]
[WhiteElo "2496"]
[BlackElo "2441"]
[PlyCount "79"]
[EventDate "2024.??.??"]

1. e4 c5 2. c3 Nf6 3. e5 Nd5 4. Nf3 d6 5. Bb5+ Bd7 6. Bc4 Nb6 7. Bxf7+ Kxf7 8. e6+ Bxe6 9. Ng5+ Kg8 10. Nxe6 Qc8 11. Qe2 Nc6 12. f4 g6 13. O-O Bg7 14. d3 Bf6 15. Nd2 Kf7 16. Nf3 h6 17. Re1 Nd8 18. f5 Nxe6 19. fxe6+ Kg7 20. h4 Qc6 21. c4 Raf8 22. Be3 Kh7 23. Rac1 Bg7 24. h5 Qe8 25. Nh4 gxh5 26. d4 cxd4 27. Qd3+ Kg8 28. Bxd4 Rf4 29. Re4 Rxe4 30. Qxe4 Bxd4+ 31. Qxd4 Qc8 32. Ng6 Rh7 33. Rf1 Rg7 34. Rf8+ Qxf8 35. Nxf8 Kxf8 36. b3 Kg8 37. Qe4 d5 38. Qd3 dxc4 39. bxc4 Na4 40. Qd8+ 1-0

[Event "2BLN 2324 SV Glückauf Rüdersdorf - SK "]
[Site "?"]
[Date "2024.02.04"]
[Round "6.5"]
[White "Stachowiak, Kamil"]
[Black "Pacan-Milej, Kosma"]
[Result "1-0"]
[WhiteElo "2424"]
[BlackElo "2438"]
[PlyCount "83"]
[EventDate "2024.??.??"]

1. Nf3 Nf6 2. c4 g6 3. g3 Bg7 4. Bg2 O-O 5. O-O d6 6. Nc3 e5 7. d3 Re8 8. Ne1 c6 9. Nc2 Be6 10. e4 Nfd7 11. b3 Na6 12. d4 exd4 13. Nxd4 Nac5 14. Be3 a5 15. Qc2 Ne5 16. Rad1 Bg4 17. Rd2 Ned7 18. f3 Be6 19. Nxe6 Rxe6 20. Bh3 f5 21. Bxc5 Nxc5 22. exf5 gxf5 23. Bxf5 Rh6 24. Ne4 Qf8 25. Nxc5 dxc5 26. Rd7 Re8 27. Rxb7 Bd4+ 28. Kh1 Qd6 29. Rxh7 Rf6 30. Rh4 Re3 31. Be4 Qe5 32. Qg2 Qe6 33. Bh7+ Kf8 34. Re4 Qd6 35. Rxe3 Bxe3 36. Qe2 Bd4 37. Re1 Qd7 38. Qc2 Rh6 39. Qe4 Bf6 40. Qe6 Qd2 41. Re2 Qc1+ 42. Kg2 1-0

[Event "2BLN 2324 SV Glückauf Rüdersdorf - SK "]
[Site "?"]
[Date "2024.02.04"]
[Round "6.6"]
[White "Sieciechowicz, Marcin"]
[Black "Luch, Michal"]
[Result "1/2-1/2"]
[WhiteElo "2396"]
[BlackElo "2334"]
[PlyCount "35"]
[EventDate "2024.??.??"]

1. d4 d5 2. c4 e6 3. Nc3 c6 4. Nf3 dxc4 5. Bg5 f6 6. Bf4 b5 7. Qc2 Bb4 8. g4 Ne7 9. g5 Nd5 10. Bd2 Nxc3 11. bxc3 Ba3 12. gxf6 Qxf6 13. Bg2 Qf5 14. Qxf5 exf5 15. Ne5 g6 16. Nxc6 Bb7 17. d5 Nd7 18. O-O 1/2-1/2

[Event "2BLN 2324 SV Glückauf Rüdersdorf - SK "]
[Site "?"]
[Date "2024.02.04"]
[Round "6.7"]
[White "Meister, Jakob"]
[Black "Steczek, Marcin"]
[Result "1-0"]
[WhiteElo "2422"]
[BlackElo "2341"]
[PlyCount "79"]
[EventDate "2024.??.??"]

1. d4 Nf6 2. Nf3 e6 3. Bg5 d5 4. e3 Be7 5. Bd3 O-O 6. O-O b6 7. Qe2 Bb7 8. c4 Nbd7 9. Nc3 h6 10. Bh4 dxc4 11. Bxc4 Ne4 12. Bxe7 Qxe7 13. Rac1 Nd6 14. Ba6 Bxa6 15. Qxa6 c5 16. Rfd1 Rfe8 17. e4 cxd4 18. Rxd4 Nc5 19. Qe2 a5 20. Rcd1 Red8 21. h3 Qc7 22. R4d2 Ncb7 23. Rc2 Rac8 24. Nd4 Nc5 25. e5 Nf5 26. Ncb5 Qb8 27. Nxf5 Rxd1+ 28. Qxd1 exf5 29. Nd6 Rd8 30. Qh5 Qc7 31. Qxf5 Qe7 32. f4 Qe6 33. Qxe6 fxe6 34. Kf2 g5 35. g3 Kg7 36. Ke3 Kg6 37. Rd2 Kh5 38. g4+ Kg6 39. f5+ Kg7 40. f6+ 1-0

[Event "2BLN 2324 SV Glückauf Rüdersdorf - SK "]
[Site "?"]
[Date "2024.02.04"]
[Round "6.8"]
[White "Maciejczak, Jakub"]
[Black "Lagunow, Alexander"]
[Result "0-1"]
[WhiteElo "2343"]
[BlackElo "2345"]
[PlyCount "90"]
[EventDate "2024.??.??"]

1. e4 c5 2. Nc3 Nc6 3. g3 g6 4. Bg2 Bg7 5. d3 d6 6. f4 e6 7. Nf3 Nge7 8. O-O O-O 9. Be3 Rb8 10. Qd2 b5 11. d4 b4 12. Ne2 a5 13. dxc5 dxc5 14. e5 Ba6 15. Rfd1 Qb6 16. Qe1 Nf5 17. Bf2 Rfd8 18. g4 Nfe7 19. Ng3 Nd5 20. Qe4 Bh6 21. f5 Bb7 22. fxe6 fxe6 23. g5 Bg7 24. Qc4 Nxe5 25. Nxe5 Bxe5 26. Ne4 Nf4 27. Bf1 Bd5 28. Nf6+ Bxf6 29. Qxf4 Bxb2 30. Rab1 Bg7 31. c4 Bb7 32. Bg2 Bxg2 33. Kxg2 Qc6+ 34. Kh3 Rf8 35. Qh4 Rxf2 36. Qxf2 Rf8 37. Qe2 Bd4 38. Rf1 Rf5 39. Rxf5 gxf5 40. Rf1 a4 41. Rf4 Qd6 42. Rf3 Kf7 43. Kg2 Qe5 44. Qc2 Kg7 45. Kf1 Qe4 0-1

[Event "2BLN 2324 SF Berlin - SC Rotation Pankow"]
[Site "?"]
[Date "2024.02.04"]
[Round "6.1"]
[White "Glek, Igor"]
[Black "Tomczak, Jacek"]
[Result "1/2-1/2"]
[WhiteElo "2393"]
[BlackElo "2598"]
[PlyCount "52"]
[EventDate "2024.??.??"]

1. e4 c5 2. Nf3 e6 3. g3 Nc6 4. Bg2 Nf6 5. Qe2 e5 6. O-O Be7 7. d3 O-O 8. c3 d6 9. Nbd2 Ne8 10. a3 a5 11. a4 f5 12. Nc4 Ra6 13. Rd1 Nc7 14. b3 Be6 15. Bb2 Qe8 16. exf5 Bxf5 17. Ne3 Bg6 18. Nd2 Bf7 19. c4 Bh5 20. g4 Bg6 21. Bd5+ Nxd5 22. Nxd5 Bh4 23. Rf1 Ne7 24. Nxe7+ Bxe7 25. f3 Bg5 26. Ne4 Bxe4 1/2-1/2

[Event "2BLN 2324 SF Berlin - SC Rotation Pankow"]
[Site "?"]
[Date "2024.02.04"]
[Round "6.2"]
[White "Moranda, Wojciech"]
[Black "Szelag, Marcin"]
[Result "1-0"]
[WhiteElo "2556"]
[BlackElo "2401"]
[PlyCount "115"]
[EventDate "2024.??.??"]

1. d4 Nf6 2. c4 g6 3. Nc3 Bg7 4. e4 d6 5. Nf3 O-O 6. Be2 e5 7. O-O Nc6 8. d5 Ne7 9. b4 Nh5 10. c5 Nf4 11. Re1 Nxe2+ 12. Qxe2 h6 13. a4 f5 14. Qc4 fxe4 15. Nxe4 Rxf3 16. gxf3 Nf5 17. Ra3 Nd4 18. Bb2 Qf8 19. Bxd4 exd4 20. Kg2 Be5 21. Ng3 Qf6 22. cxd6 cxd6 23. Qc7 Qh4 24. Kg1 Bh3 25. Qxb7 Rc8 26. Qb5 Qg5 27. f4 Qxf4 28. Qd3 Bf5 29. Nxf5 Qxh2+ 30. Kf1 Qh1+ 31. Ke2 Qh5+ 32. Qf3 Qxf5 33. Qxf5 gxf5 34. Kd3 Kf7 35. b5 Rb8 36. Rb1 h5 37. a5 h4 38. Ke2 Bf6 39. b6 axb6 40. Rxb6 Rh8 41. Rbb3 Ra8 42. a6 Bd8 43. a7 d3+ 44. Kxd3 h3 45. Rb7+ Kg6 46. Ke2 h2 47. Rh3 Bf6 48. Rxh2 Bd4 49. Rhh7 f4 50. Kf3 Kf5 51. Rhe7 Bc5 52. Ke2 Bd4 53. f3 Bc5 54. Kd3 Be3 55. Kc4 Kg5 56. Kb5 Kh4 57. Rg7 Kh3 58. Rb8 1-0

[Event "2BLN 2324 SF Berlin - SC Rotation Pankow"]
[Site "?"]
[Date "2024.02.04"]
[Round "6.3"]
[White "Tomczak, Rafal"]
[Black "Neiksans, Arturs"]
[Result "0-1"]
[WhiteElo "2301"]
[BlackElo "2590"]
[PlyCount "84"]
[EventDate "2024.??.??"]

1. e4 c5 2. Nf3 Nc6 3. d4 cxd4 4. Nxd4 Nf6 5. Nc3 e5 6. Ndb5 d6 7. Bd3 a6 8. Na3 Bg4 9. Be2 Bxe2 10. Qxe2 d5 11. exd5 Nxd5 12. Nc4 Bb4 13. Bd2 Bxc3 14. Bxc3 Nxc3 15. bxc3 O-O 16. O-O Qe7 17. Rfe1 Rfe8 18. Rad1 Rad8 19. Qe4 Qc5 20. h3 b5 21. Rxd8 Nxd8 22. Ne3 Qxc3 23. Nd5 Qc5 24. Rd1 Ne6 25. c3 Nc7 26. Nxc7 Qxc7 27. Rd3 g6 28. g4 Kg7 29. h4 Qe7 30. g5 Rc8 31. Rd5 Rc4 32. Qe3 Rxh4 33. Rxe5 Qd7 34. Qf3 Qg4+ 35. Qxg4 Rxg4+ 36. Kf1 Ra4 37. Re2 Kf8 38. Ke1 Rg4 39. Rd2 Rxg5 40. Rd8+ Kg7 41. Ra8 Re5+ 42. Kd2 Re6 0-1

[Event "2BLN 2324 SF Berlin - SC Rotation Pankow"]
[Site "?"]
[Date "2024.02.04"]
[Round "6.4"]
[White "Schmidek, Emil"]
[Black "Dauth, Benjamin"]
[Result "1/2-1/2"]
[WhiteElo "2446"]
[BlackElo "2217"]
[PlyCount "158"]
[EventDate "2024.??.??"]

1. d4 Nf6 2. c4 e6 3. Nc3 Bb4 4. Bd2 O-O 5. Nf3 d5 6. e3 c5 7. a3 cxd4 8. axb4 dxc3 9. Bxc3 dxc4 10. Bxc4 Ne4 11. O-O Nxc3 12. bxc3 Qc7 13. Qb3 Nc6 14. Rfc1 Bd7 15. Be2 e5 16. Bc4 Rae8 17. Ng5 Re7 18. Qb1 g6 19. Bd5 a6 20. c4 Bf5 21. e4 Bc8 22. Nf3 Bg4 23. b5 Nb8 24. Nd2 Rc8 25. bxa6 Nxa6 26. Qxb7 Qxb7 27. Bxb7 Rxb7 28. Rxa6 Rb2 29. Rd6 Kf8 30. f3 Be6 31. Rd3 Ke7 32. c5 Rd8 33. Rxd8 Kxd8 34. Nc4 Bxc4 35. Rxc4 Kc7 36. h4 Kc6 37. Kh2 Rb5 38. Ra4 Kb7 39. Rc4 Kc6 40. Ra4 Kb7 41. g4 h6 42. c6+ Kxc6 43. Ra8 Kd7 44. Rh8 g5 45. Rxh6 gxh4 46. Kh3 Ke7 47. g5 Rb1 48. Rxh4 Rh1+ 49. Kg4 Rg1+ 50. Kf5 Rg3 51. f4 exf4 52. Rxf4 Rg1 53. Rf3 Ra1 54. Rf2 Re1 55. Ke5 Rg1 56. Kf5 Re1 57. Ra2 Rf1+ 58. Ke5 Rg1 59. Ra7+ Kf8 60. Kf4 Rf1+ 61. Ke3 Rg1 62. Ra5 Ke7 63. Re5+ Kd6 64. Ra5 Ke7 65. Kd4 Rd1+ 66. Kc4 Ke6 67. Rf5 Rc1+ 68. Kd3 Rd1+ 69. Ke2 Rg1 70. Kf2 Rg4 71. Kf3 Rg1 72. Rf6+ Ke5 73. Rf5+ Ke6 74. Rb5 Rf1+ 75. Ke2 Rg1 76. Kf2 Rg4 77. Kf3 Rg1 78. Rb6+ Ke5 79. Rb5+ Ke6 1/2-1/2

[Event "2BLN 2324 SF Berlin - SC Rotation Pankow"]
[Site "?"]
[Date "2024.02.04"]
[Round "6.5"]
[White "Neumeier, Lars"]
[Black "Jakubowski, Krzysztof"]
[Result "1-0"]
[WhiteElo "2329"]
[BlackElo "2467"]
[PlyCount "89"]
[EventDate "2024.??.??"]

1. d4 Nf6 2. Nf3 b6 3. e3 Bb7 4. c4 g6 5. b3 Bg7 6. Bb2 O-O 7. Be2 d5 8. Nbd2 e6 9. O-O Nbd7 10. Rc1 c5 11. Qc2 Qe7 12. Rfd1 Rac8 13. dxc5 Nxc5 14. Qb1 Nfe4 15. Bxg7 Kxg7 16. b4 Nxd2 17. Nxd2 Nd7 18. cxd5 Bxd5 19. Bf3 Nf6 20. Qb2 Kg8 21. a3 Rfd8 22. e4 Ba8 23. e5 Rxc1 24. Qxc1 Nd5 25. Ne4 Kg7 26. g3 h6 27. h4 Qf8 28. Bg2 Rc8 29. Qd2 Rc7 30. Nf6 Re7 31. Nxd5 exd5 32. Qf4 Rd7 33. Qf6+ Kg8 34. Bh3 Re7 35. Rc1 d4 36. h5 gxh5 37. e6 Bb7 38. Re1 Bd5 39. exf7+ Rxf7 40. Qxd4 Qa8 41. Re5 Ba2 42. Qd2 Bc4 43. Qxh6 Qf8 44. Rg5+ Rg7 45. Be6+ 1-0

[Event "2BLN 2324 SF Berlin - SC Rotation Pankow"]
[Site "?"]
[Date "2024.02.04"]
[Round "6.6"]
[White "Seyb, Alexander"]
[Black "Mueller, Michael"]
[Result "1/2-1/2"]
[WhiteElo "2437"]
[BlackElo "2231"]
[PlyCount "29"]
[EventDate "2024.??.??"]

1. e4 e6 2. d4 d5 3. Nc3 Nc6 4. Nf3 Nf6 5. Bd3 Nb4 6. Bg5 Nxd3+ 7. cxd3 Be7 8. O-O O-O 9. e5 Nd7 10. Bxe7 Qxe7 11. Qa4 f6 12. Rfe1 fxe5 13. Nxe5 Nxe5 14. Rxe5 Bd7 15. Qb3 1/2-1/2

[Event "2BLN 2324 SF Berlin - SC Rotation Pankow"]
[Site "?"]
[Date "2024.02.04"]
[Round "6.7"]
[White "Guth, Thomas"]
[Black "Poltorak, Sebastian"]
[Result "1/2-1/2"]
[WhiteElo "2224"]
[BlackElo "2379"]
[PlyCount "119"]
[EventDate "2024.??.??"]

1. e4 c5 2. Nf3 Nc6 3. d4 cxd4 4. Nxd4 Nf6 5. Nc3 e6 6. Ndb5 Bc5 7. Nd6+ Ke7 8. Nc4 Qc7 9. Bg5 a6 10. a3 b5 11. Ne3 Qa7 12. Qd2 h6 13. Bxf6+ gxf6 14. Be2 Bb7 15. O-O-O Ne5 16. Ng4 Bc6 17. Kb1 Nxg4 18. Bxg4 a5 19. Nd5+ Bxd5 20. exd5 Qc7 21. Rhe1 Ra6 22. Qd3 Rd6 23. f4 b4 24. a4 Kf8 25. Qh3 Rb6 26. dxe6 dxe6 27. f5 e5 28. Qb3 Rg8 29. Bf3 Bd4 30. Re4 Rd6 31. Rh4 Rh8 32. Be4 Bf2 33. Rxd6 Qxd6 34. Rh3 Bd4 35. Bd5 Qd7 36. Qf3 Ke7 37. Bb3 Rh7 38. Rg3 Qd8 39. Qc6 Qb6 40. Qc8 Qd8 41. Qc4 e4 42. c3 bxc3 43. bxc3 Be5 44. Qxe4 Qb6 45. Kb2 Qf2+ 46. Bc2 Qb6+ 47. Ka2 Rh8 48. Qe3 Qc7 49. Bb3 Rd8 50. Rg7 Qxc3 51. Qxc3 Bxc3 52. Bxf7 Kf8 53. Rg8+ Ke7 54. Rxd8 Kxd8 55. Kb3 Be1 56. Kc4 Ke7 57. Bh5 Bb4 58. Kd5 Bd2 59. Be2 Bf4 60. h3 1/2-1/2

[Event "2BLN 2324 SF Berlin - SC Rotation Pankow"]
[Site "?"]
[Date "2024.02.04"]
[Round "6.8"]
[White "Thiede, Lars"]
[Black "Boetzer, Detlef"]
[Result "0-1"]
[WhiteElo "2396"]
[BlackElo "2198"]
[PlyCount "84"]
[EventDate "2024.??.??"]

1. Nf3 d6 2. g3 e5 3. d3 Nf6 4. Bg2 Be7 5. O-O O-O 6. c4 Nbd7 7. Nc3 Re8 8. Rb1 a5 9. a3 Bf8 10. e4 c6 11. h3 g6 12. Re1 Nc5 13. b4 axb4 14. axb4 Ne6 15. Qb3 Nd7 16. Bb2 Bg7 17. Ne2 Ng5 18. Nxg5 Qxg5 19. d4 Qh5 20. d5 c5 21. Ba3 cxb4 22. Bxb4 Bf8 23. Nc3 Nf6 24. Nb5 Rd8 25. Qd1 Qxd1 26. Rexd1 Ne8 27. Ra1 Bd7 28. Na7 Nc7 29. Bf1 Na6 30. Ba5 Re8 31. Bb6 Be7 32. Rdb1 Reb8 33. Rb2 Nc5 34. Bc7 Re8 35. f3 f5 36. exf5 gxf5 37. Rb6 Ba4 38. Nb5 Bxb5 39. Rxa8 Rxa8 40. cxb5 Bd8 41. Bxd8 Rxd8 42. h4 Rd7 0-1

[Event "2BLN 2324 HSK Lister Turm II - SV Glück"]
[Site "?"]
[Date "2024.02.24"]
[Round "7.1"]
[White "Klimkowski, Jan"]
[Black "von Mettenheim, Johannes"]
[Result "1-0"]
[WhiteElo "2531"]
[BlackElo "2262"]
[PlyCount "67"]
[EventDate "2024.??.??"]

1. e4 e5 2. Nf3 Nc6 3. Bb5 a6 4. Ba4 Nf6 5. O-O Nxe4 6. d4 b5 7. Bb3 d5 8. dxe5 Be6 9. Be3 Bc5 10. Qe2 O-O 11. Rd1 Bxe3 12. Qxe3 Na5 13. Nbd2 Nxd2 14. Rxd2 Rc8 15. c3 c5 16. Ng5 h6 17. Ne4 Nxb3 18. axb3 Qe7 19. Nf6+ gxf6 20. Qxh6 f5 21. Rd3 f4 22. Qxf4 Kh7 23. Rxa6 Ra8 24. Rxa8 Rxa8 25. h4 Qf8 26. c4 d4 27. Rg3 Ra1+ 28. Kh2 Qh6 29. Rg5 bxc4 30. bxc4 d3 31. Kg3 f6 32. exf6 d2 33. Qe4+ Kh8 34. Qxe6 1-0